Language Quiz

Random Language or Letter Quiz

Spelling the Letters Quiz Stats

 Plays Quiz Updated Nov 13, 2018

Support Sporcle.
Go Orange.
Score 0/26 Timer 02:00
0 Plays Today
Letter Spelling % Correct
Aa
99.8%
Ee
97.2%
Bbee
95.6%
Ddee
95%
Ggee
93.7%
Oo
93.2%
Ccee
92.9%
Fef
92.6%
Ii
92%
Ppee
91%
Kkay
90%
Jjay
89.7%
Ttee
89.2%
Letter Spelling % Correct
Lel
89.1%
Nen
89%
Mem
88.9%
Uu
88.3%
Vvee
88.3%
Rar
86.1%
Zzee
85.5%
Xex
83.1%
Sess
82.5%
Wdouble u
76%
Ywye
51.1%
Qcue
50.1%
Haitch
21.3%

You're not logged in!

Compare scores with friends on all Sporcle quizzes.
OR
Log In
Forgot?

From the Vault

TV Show (A-Z) by Cast Photo II

by lolshortee

This quiz is just like getting all your favorite gangs together again, even if only for a few moments.
Remove Ads.
Support Sporcle.
Get the best of Sporcle when you Go Orange. This ad-free experience offers more features, more stats, and more fun while also helping to support Sporcle. Thank you for becoming a member.

Show Comments

Extras

Top Quizzes Today


Score Distribution

Your Account Isn't Verified!

In order to create a playlist on Sporcle, you need to verify the email address you used during registration. Go to your Sporcle Settings to finish the process.

Report this User

Report this user for behavior that violates our Community Guidelines.

Details: